| 000 | 00796nam a2200253 i 4500 | ||
|---|---|---|---|
| 001 | 9964 | ||
| 003 | ES-MaACL | ||
| 005 | 20250814235729.0 | ||
| 007 | t| | ||
| 008 | 940602s1993 sp |||| | spa d | ||
| 020 | _a84-87191-86-X | ||
| 080 | _a338(091) | ||
| 080 | _a338(46)(091) | ||
| 100 | 1 |
_aSimón Segura, Francisco. _9106551 |
|
| 245 | 1 | 0 |
_aManual de historia económica mundial y de España / _cFrancisco Simón Segura. |
| 250 | _a2ª ed., 2ª reimp. | ||
| 260 |
_aMadrid : _bCentro de Estudios Ramón Areces, _c1993. |
||
| 300 |
_a766 p. ; _c25 cm. |
||
| 650 | 7 |
_aHistoria económica _2embne _913403 |
|
| 651 | 4 |
_aEspaña- _xSituación económica- _vHistoria. _9156949 |
|
| 710 | 2 |
_aCentro de Estudios Ramón Areces. _92667 |
|
| 852 |
_aES-MaACL _jL-17389 |
||
| 999 |
_c9964 _d9964 |
||